Satisfacción de las pacientes en estado de embarazo y su familia frente a la atención de personal de enfermería en el servicio de urgencias de una clínica materna en Cartagena de Indias, 2018 / (Registro nro. 4010)

Detalles MARC
000 -LEADER
fixed length control field 01939nam a2200265 4500
001 - CONTROL NUMBER
control field 0000010926
005 - DATE AND TIME OF LATEST TRANSACTION
control field 20250329165434.0
008 - FIXED-LENGTH DATA ELEMENTS--GENERAL INFORMATION
fixed length control field 180709s2018 000 0 eng d
040 ## - CATALOGING SOURCE
Original cataloging agency CO-CtgCURN
Language of cataloging spa
Transcribing agency coctgcurn
082 0# - DEWEY DECIMAL CLASSIFICATION NUMBER
Classification number ENF 2018
Item number T261
100 1# - MAIN ENTRY--PERSONAL NAME
Personal name Teherán Acuña, Lis Paola.
245 10 - TITLE STATEMENT
Title Satisfacción de las pacientes en estado de embarazo y su familia frente a la atención de personal de enfermería en el servicio de urgencias de una clínica materna en Cartagena de Indias, 2018 /
Statement of responsibility, etc. Angie Loraine Gómez Mendoza; Luz Estela Salas Caraballo; Liz Paola Teherán Acuña; María Alexandra Delgado Valderrama; Asesor Lesly Sofía Beleño.
260 ## - PUBLICATION, DISTRIBUTION, ETC.
Place of publication, distribution, etc. Cartagena de Indias :
Name of publisher, distributor, etc. Corporación Universitaria Rafael Núñez,
Date of publication, distribution, etc. 2018.
300 ## - PHYSICAL DESCRIPTION
Extent 137 h.
504 ## - BIBLIOGRAPHY, ETC. NOTE
Bibliography, etc. note Trabajo de grado (Enfermeria). Corporación Universitaria Rafael Nuñez. Facultad de la Salud. Enfermeria, 2018.
520 ## - SUMMARY, ETC.
Summary, etc. El personal de enfermería juega un rol esencial para los pacientes durante su estancia hospitalaria o en los servicios de urgencias. Una de las formas para valorar la calidad de estos cuidados es midiendo su satisfacción. OBJETIVOS: Determinar la satisfacción de las pacientes en estado de embarazo y sus familias frente a la atención del personal de enfermería en el servicio de urgencias de una clínica materna en Cartagena de Indias durante 2018.
650 #0 - SUBJECT ADDED ENTRY--TOPICAL TERM
Topical term or geographic name entry element Enfermeria
Form subdivision Tesis y disertaciones academicas.
700 1# - ADDED ENTRY--PERSONAL NAME
Personal name Salas Caraballo, Luz Estela.
700 1# - ADDED ENTRY--PERSONAL NAME
Personal name Teherán Acuña, Liz Paola.
700 1# - ADDED ENTRY--PERSONAL NAME
Personal name Delgado Valderrama, María Alexandra.
700 1# - ADDED ENTRY--PERSONAL NAME
Personal name Beleño, Lesly Sofía,
Relator term Asesor.
856 ## - ELECTRONIC LOCATION AND ACCESS
Uniform Resource Identifier <a href="https://unicurn.sharepoint.com/:b:/s/biblioteca/EWfctcBAw3pOr3K_EVbxf_cBUBItM8tMGZsXGTZl2OBpng?e=zhuoLo">https://unicurn.sharepoint.com/:b:/s/biblioteca/EWfctcBAw3pOr3K_EVbxf_cBUBItM8tMGZsXGTZl2OBpng?e=zhuoLo</a>
Public note Click aqui para ver el recurso en texto completo
942 ## - ADDED ENTRY ELEMENTS (KOHA)
Source of classification or shelving scheme Dewey Decimal Classification
Koha item type Trabajos de grado
Classification part ENF 2018
Item part M971
Existencias
Withdrawn status Lost status Damaged status Not for loan Collection Home library Current library Shelving location Date acquired Cost, normal purchase price Inventory number Total checkouts Full call number Barcode Date last seen Price effective from Koha item type
        Trabajos de grado Miguel Henríquez Emiliani Miguel Henríquez Emiliani Trabajo de grado 09/23/2018 35000.00 022354   ENF 2018 T261 022354 03/29/2025 03/29/2025 Trabajos de grado